[Event "Lesa op 1st"]
[Site "Lesa"]
[Date "2012.10.13"]
[Round "3"]
[White "Castiglioni, Daniele"]
[Black "Mazzaglia, Carmelo"]
[Result "1-0"]
[WhiteElo "1500"]
[BlackElo "1440"]
[PlyCount "25"]
[EventDate "2012.10.12"]
[EventType "swiss"]
[EventRounds "5"]
[EventCountry "ITA"]
[SourceTitle "EXT 2015"]
[Source "ChessBase"]
[SourceDate "2014.11.20"]
[SourceVersion "1"]
[SourceVersionDate "2014.11.20"]
[SourceQuality "1"]

1. e4 e5 2. Nf3 g6 3. Nc3 Bg7 4. d4 d6 5. Bg5 Nf6 6. Qd2 0-0 7. 0-0-0 c5 8. dxc5 dxc5 9. Qxd8 Rxd8 10. Rxd8+ Bf8 11. Bxf6 Bd7 12. Bg5 h5 13. Bh6 1-0

[Event "SEMI Italia Scacchistica C email"]
[Site "SEMI email"]
[Date "1999.??.??"]
[Round "?"]
[White "Castiglioni, Daniele"]
[Black "Melino, Gianluca"]
[Result "1-0"]
[WhiteElo "1500"]
[BlackElo "1549"]
[PlyCount "39"]
[EventDate "1999.??.??"]
[EventType "tourn (corr)"]
[EventRounds "10"]
[EventCountry "ITA"]
[SourceTitle "Corr 2008"]
[Source "ChessBase"]
[SourceDate "2008.06.24"]
[SourceVersion "1"]
[SourceVersionDate "2008.06.24"]
[SourceQuality "1"]

1. e4 c5 2. Nf3 d6 3. d4 cxd4 4. Nxd4 Nf6 5. Nc3 a6 6. Bc4 Qc7 7. Bb3 g6 8. Bg5 Nbd7 9. Qd2 Bg7 10. Bh6 Bxh6 11. Qxh6 Nc5 12. 0-0-0 Nfxe4 13. Qg7 Rf8 14. Nxe4 Nxe4 15. Rhe1 Nc5 16. Bd5 h5 17. Re3 Rb8 18. Rde1 e5 19. f4 Qe7 20. fxe5 1-0